| 000 | 00443nam a2200157Ia 4500 | ||
|---|---|---|---|
| 005 | 20240528064804.0 | ||
| 008 | 240331s9999 xx 000 0 und d | ||
| 020 | _a8171000754 | ||
| 082 |
_bKUM _a338.9 |
||
| 100 | _aKumar, B | ||
| 245 | 0 |
_aPlanning development and poverty alleviation : _bA 21st century perspective _cDr,B, Kumar |
|
| 260 |
_aNew Delhi _bDeep & Deep Publications _c1988 |
||
| 300 | _a319 p ., | ||
| 650 | _aEconomy | ||
| 942 | _cL | ||
| 999 |
_c2768 _d2768 |
||